Statistics for 20/26 Countries that start with T

Click here to take the quiz!

General Stats

  • This quiz has been taken 206 times
  • The average score is 9 of 12

Answer Stats

Answer% Correct
Turkey
91%
Turkmenistan
89%
Thailand
86%
Togo
85%
Trinidad and Tobago
84%
Tajikistan
82%
Tanzania
82%
Tuvalu
82%
Taiwan
79%
Tonga
77%
Tunisia
75%
East Timor
9%

Score Distribution

Percentile by Number Answered

Percent of People with Each Score

Your Score History

You have not taken this quiz